| 000 | 00620nam a2200181 i 4500 | ||
|---|---|---|---|
| 001 | 173360 | ||
| 003 | ES-MaACL | ||
| 005 | 20230906215224.0 | ||
| 008 | 091127s1965 pr |||| |bspa d | ||
| 080 | _a929 Acosta, José Julián | ||
| 100 | 1 |
_aAcosta Quintero, Ángel. _9141651 |
|
| 245 | 1 | 0 |
_aJosé Julián Acosta y su tiempo / _cÁngel Acosta Quintero. |
| 260 |
_aSan Juan (Puerto Rico) : _bInstituto de Cultura Puertorriqueña, _c1965. |
||
| 300 |
_a636 p. ; _c24 cm. |
||
| 600 | 1 | 4 |
_aAcosta y Calbo, José Julián de. _918324 |
| 710 | 2 |
_aInstituto de Cultura Puertorriqueña. _94858 |
|
| 852 |
_aES-MaACL _jC-56975 |
||
| 999 |
_c173360 _d173360 |
||